000 00542nam a22001937a 4500
003 CEME
005 20210628202925.0
008 210104b xxu||||| |||| 00| 0 eng d
020 _a9788126542734
040 _c.
082 _a621.4022 INC
100 _aIncropera, Frank P , Dewitt, David P ,Bergman, Theodore L
_962328
245 _aPrinciples of heat and mass transfer ,international student version
250 _a7TH
260 _aINDIA
_bWILEY
_c2016
300 _aXXIII, 1048P
650 _aTEXTBOOK-DME
_962329
942 _cBK
_2ddc
999 _c571465
_d571465